C++ Programming : From Problem Analysis to Program Design /

Guía para la programación con el lenguaje C++, que parte de los conceptos básicos de la programación y las computadoras hasta el diseño de paquetes. Contenido: Qué son las computadoras y los lenguajes de programación; Elementos básicos de C++; Entrada/Salida; Estructuras de control; Funciones defini...

Cijeli opis

Spremljeno u:
Bibliografski detalji
Glavni autor: Malik, D.S (autor)
Format: Knjiga
Jezik:engleski
Izdano: Boston, EUA : Course Technology, 2002, c2002
Teme:
Oznake: Dodaj oznaku
Bez oznaka, Budi prvi tko označuje ovaj zapis!

MARC

LEADER 00000nam^a2200000^a^4500
001 000154216
005 20250521000000.0
009 20260310100347.523
020 |a 0-619-06213-4 
037 |a Acervo ITESO - Biblioteca 
041 |a ING 
082 |a 005. 133  |b MAL 
100 |a Malik, D.S.  |e (autor) 
240 1 1 |a [C++Programming Primer] 
245 1 0 |a C++ Programming :  |b From Problem Analysis to Program Design /  |c D.S. Malik. 
264 4 |a Boston, EUA :  |b Course Technology,  |c 2002, c2002 
300 |a XXXII, 1104 p. 
336 |a texto  |b txt  |2 rdacontenido 
337 |a sin mediación  |b n  |2 rdamedio 
338 |a volumen  |b nc  |2 rdasoporte 
520 |a Guía para la programación con el lenguaje C++, que parte de los conceptos básicos de la programación y las computadoras hasta el diseño de paquetes. Contenido: Qué son las computadoras y los lenguajes de programación; Elementos básicos de C++; Entrada/Salida; Estructuras de control; Funciones definidas para el usuario; Tipos simples de datos, namespaces y la escritura de la cadena; Matrices y cadenas; Matrices: aplicaciones y extensiones; Repeticiones; Registros (Estructura); Abstracción de clases y datos; Herencia y composición; Apuntadores, clases y funciones virtuales; Sobrecargas y plantillas, Listas ligadas; Pilas y colas. 
530 |a Existe una edición en formato digital en disco con el título: C++ Programing Primer: C++ Programming: From Problem Analysis to Program 
649 |a XX 
650 |a Lenguajes de Programación 
650 |a Programación Orientada a Objetos 
650 |a Programación (Software) 
650 |a Desarrollo de Sistemas 
650 |a Sistemas Computacionales 
650 |a Ingeniería de Software 
650 |a Ingeniería Computacional 
910 |a Fondo General 
920 |a Impresos - Libros 
930 |a Colección General 
905 |a 101 
901 |a 0500085964  |b IT1  |c ACC  |u 20250521 
902 |a https://opac.biblio.iteso.mx/vufind/Record/000154216